000 00946nam a22002777a 4500
999 _c14127
_d14127
003 AR-CdUCM
008 190410b ||||| |||| 00| 0 spa d
020 _a968-19-0552-0
040 _aMUNICIPALIDAD PROVINCIAL DEL CUSCO
_cBIBLIOTECA MUNICIPAL DEL CUSCO
041 _hit
082 _aEP / 803 /
_bR73
100 _aRodari, Gianni
_930845
245 _aCuentos para jugar /
260 _aMexico :
_bEdiciones Alfaguara,
_c2005.
300 _a177 paginas ;
_bIlustraciones, Graficos, Dibujos,
_c20 cm.
440 _aAlfaguara infantil
_932748
500 _aCuentos
505 _aContenido :El tamborilero mágico -- Aquellos pobres fantasmas -- La casa en el desierto -- La aventura de Ronaldo -- El gato viajero ...
650 _aCuentos
_9217
650 _aHistoria
_9136
650 _aTexto educativo
_925832
700 _aSantos, Carmen
_930846
700 _aPeg, Gianni
_930847
942 _2ddc
_cLIBROS
945 _arum
_d2019-04-22